000 00346nam a22001457a 4500
003 OSt
005 20211223090257.0
008 211223b |||||||| |||| 00| 0 eng d
020 _a0201619180
040 _cHU
082 _a004.36COU2001
100 _aCoulouris
_924451
245 _aDistributed Systems Concepts & Design
942 _2ddc
_cBOOKS
_n0
999 _c23573
_d23573